Dokumenty Evropské unie

Správa Európskej komisie o postupe prípravných prác na jednotnej mene, predložená na summite vo Florencii.

Salvato in:
Dettagli Bibliografici
Natura: Capitolo di libro
Lingua:ceco
Soggetti:
Tags: Aggiungi Tag
Nessun Tag, puoi essere il primo ad aggiungerne!!

MARC

LEADER 00000naa a2200000 4500
001 r021940
005 20230925111438.8
041 0 |a cze 
044 |a CZ 
245 1 0 |a Dokumenty Evropské unie 
520 |a Správa Európskej komisie o postupe prípravných prác na jednotnej mene, predložená na summite vo Florencii. 
610 2 0 |a Európska únia 
610 2 0 |a dokumenty 
610 2 0 |a mena